Test Miss France 2018 - Culture générale - Statistiques

Statistiques générales
  • Ce quiz a été pris 456 fois
    440 depuis la dernière actualisation
  • Le résultat moyen est 19 sur 29
Statistiques - réponses
Question Réponse % Correct
En quelle année Paris organisera-t-elle les Jeux Olympiques ? 2024
98%
Combien de pattes les araignées ont-elles ? 8
93%
Comment se nomme le Français ayant participé à un voyage dans l’espace cette année ? Thomas Pesquet
93%
Quelle capitale actuelle a été physiquement coupée en deux de 1961 à 1989 ? Berlin
85%
Quel est le nom du Premier ministre français au 1er novembre 2017 ? Edouard Philippe
84%
Parmi les pays suivants, lequel est le plus peuplé ? L'Indonésie
82%
Parmi les titres suivants, lequel n’est pas interprété par Soprano ? Validée
82%
Vous partez en voyage à Pékin où vous êtes invité à l’élection de Miss Chine. Sachant qu’il y a 10h de vol entre Paris et Pékin et que vous décollez à 23h (heure de Paris) et sachant que Pékin est en avance de 7 heures sur Paris. A quelle heure arrivez vous ? 16h
80%
Vous participez à une course automobile qui se joue en 22 tours de circuit. Il y a 16 voitures au départ. Au bout du 8ème tour, 3 voitures abandonnent. Au bout du 12ème tour vous doublez la voiture qui se situe en 2ème position et terminez la course 2e
80%
A la tête de quel pays durement touché par la crise économique Alexis Tsipras a-t-il été élu en septembre 2015 ? La Grèce
79%
Quel est le nom usuel d’un terrain de tennis ? Le court
79%
Quelle est la capitale de la Suisse ? Berne
75%
Quel est le nom du joueur de football qui a été l’objet du plus gros transfert entre deux clubs en 2017 ? Neymar
75%
Choisissez la bonne forme : « Il est ….. être là à 17 heures » censé
74%
Quelle région d’Espagne a fait l’actualité ces dernières semaines en réclamant son indépendance ? La Catalogne
74%
Quel parti américain a remporté les élections américaines en 2016 ? Républicain
72%
Parmi les films suivants, lequel n’a pas été réalisé par Steven Spielberg ? Le Seigneur des anneaux ?
67%
Où décerne-t-on l’Ours d’Or ? Berlin
66%
On dit qu’une baleine qu'elle... chante ?
66%
Parmi ces films, dans lequel ne peut-on pas retrouver à l’écran Ryan Gosling ? Fast & Furious 8
59%
Que signifie l’adjectif volubile ? Qui parle beaucoup
56%
Dans quel pays aura lieu la prochaine Coupe du monde de football en 2018 ? Russie
52%
Choisissez la bonne forme : « C’est avec le temps que nous ……… de l’aisance en interview » acquerrons
49%
Comment s'appelle le Premier ministre britannique ? Theresa May
36%
Quel pays représentait la jeune femme qui fut élue 1ère dauphine d’Iris Mittenaere ? Haïti
31%
Quel est le taux de chômage de la population active en France ? 9,4%
28%
Quelle maison de couture a rassemblé les 5 plus grands tops des années 90 : Carla Bruni, Claudia Schiffer, Naomi Campbell, Cindy Crawford et Helena Christensen, à la dernière Fashion Week ? Versace
28%
Que(le) ancien(ne) athlète est devenu(e) ministre des Sports en 2017 ? Laura Flessel
26%
Quels faits marquants ont eu lieu lors de l’élection de Miss Pérou le 29 octobre dernier ? Les candidates ont utilisé leurs mensurations pour dénoncer les violences faites aux femmes
25%
Aucun quiz correspondant
Distribution des résultats
% des personnes avec chaque résultat
Percentile par nombre de réponses
Votre historique - résultats
Vous n’avez pas pris ce quiz depuis la dernière actualisation